Le monde arabe en morceaux : Des printemps arabes au recul américain (notice n° 2107140)

détails MARC
000 -LEADER
fixed length control field 01667cam a2200133 4500500
005 - DATE AND TIME OF LATEST TRANSACTION
control field 20260405013649.0
041 ## - LANGUAGE CODE
Language code of text/sound track or separate title fre
042 ## - AUTHENTICATION CODE
Authentication code dc
100 10 - MAIN ENTRY--PERSONAL NAME
Personal name Thépaut, Charles
Relator term author
245 00 - TITLE STATEMENT
Title Le monde arabe en morceaux : Des printemps arabes au recul américain
260 ## - PUBLICATION, DISTRIBUTION, ETC.
Name of publisher, distributor, etc. Armand Colin,<br/>
Date of publication, distribution, etc. 2020.<br/>
520 ## - SUMMARY, ETC.
Summary, etc. Les pays arabes sont parcourus par des crises difficiles à démêler. Les «  printemps  » de 2011 ont remis en cause des systèmes qui n’étaient plus viables mais n’ont pu en traiter les causes économiques et sociales. La répression des soulèvements a généré de nouveaux conflits mais les populations continuent de réclamer un traitement plus digne, comme en Algérie, au Liban et en Irak en 2019. Mêlées à la géopolitique, ces crises alimentent différents degrés de violence  : brutalité extrême de Daech et des guerres au Yémen et en Syrie, escalades ponctuelles à Gaza et conflits à répétition en Libye… Dans les zones plus stables, les inégalités s’aggravent entre une élite intégrée dans la mondialisation et le reste de la population. Cet ouvrage propose une analyse précise de chaque pays de cette région fragmentée. Il en explique également la nouvelle géopolitique, au moment où la Russie, l’Iran ou la Turquie profitent de l’épuisement américain vis-à-vis du Moyen-Orient. Si le tableau est sombre, ce livre rappelle aussi l’énergie des sociétés qui continuent à vivre, à bouillonner d’initiatives locales, pour dessiner leur avenir malgré les obstacles.
856 41 - ELECTRONIC LOCATION AND ACCESS
Uniform Resource Identifier <a href="https://shs.cairn.info/le-monde-arabe-en-morceaux--9782200628017?lang=fr&redirect-ssocas=7080">https://shs.cairn.info/le-monde-arabe-en-morceaux--9782200628017?lang=fr&redirect-ssocas=7080</a>

Pas d'exemplaire disponible.

PLUDOC

PLUDOC est la plateforme unique et centralisée de gestion des bibliothèques physiques et numériques de Guinée administré par le CEDUST. Elle est la plus grande base de données de ressources documentaires pour les Étudiants, Enseignants chercheurs et Chercheurs de Guinée.

Adresse

627 919 101/664 919 101

25 boulevard du commerce
Kaloum, Conakry, Guinée

Réseaux sociaux

Powered by Netsen Group @ 2025